000 01242nam a22002537a 4500
005 20170124103214.0
010 _aB-234875
020 _c125.00
_a8178122243
035 _aB-234875
037 _bCen Lib/Ret
040 _aDPL
_bHN
082 _a330
_bगुप्ताआ
100 _aगुप्ता, आर
_997373
245 _aयूं.जी.सी. नेट :
_cआर. गुप्ता
_bअर्थशास्त्र /
246 _aU.G.C. - NET : arthshastr /
_bby R. Gupta
260 _aनयी दिल्ली
_bरमेश पब्लिशिंग हाउस
_c2008
270 _bनयी दिल्ली
_a12-H, न्यू दरियागंज रोड, ट्राफिक कोतवाली के सामने
_e110002
300 _aभिन्न पृष्ठ
_c20सेमी(सजिल्द )
650 _aअर्थशास्त्र--परीक्षा
_x
_z
_991517
650 _aयूं.जी.सी. नेट - परीक्षा -- अर्थशास्त्र
_997374
650 _aexam - Economics
_997375
650 _aU.G.C.NET - exam - Economics
_997376
942 _2ddc
_cHN
_h330
_mगुप्ताआ
999 _c121432
_d121432